000 00718nam a2200277Ia 4500
005 20260324113150.0
008 008 260324s9999 xx 000 0 eng d
020 _a9781003378945
037 _aEBOOK
040 _aCRL
040 _beng
040 _cCRL
041 _2eng
041 _aeng
084 _qCRL
100 _aAgustina Carrizo de Reimann
_91145680
245 0 _aPolice Writing and Radical Modernisation in the Porfiriato and the Conservative Republic (1870s-1910s)
260 _bTaylor and Francis
260 _c2024
365 _a
365 _b240
856 _uhttp://www.taylorfrancis.com/books/9781003378945
942 _cEBOOK
999 _c1735185
_d1735185